000
00200 a2200097 4500
001
46595
100
_a
Mohsin, Pohpal
245
_a
Mujra
260
_a
Karachi
_b
Evan-i-Adab
_c
090
_c
29706
_d
29706
942
_a
NUST-CAE
_c
M
_c
21898
999
_c
281668
_d
281668